[Event "Muensterland Verbandsklasse-B 1213"]
[Site "Germany"]
[Date "2012.10.20"]
[Round "2.8"]
[White "Roos, Wilfried"]
[Black "Boeing, Hans Josef"]
[Result "1-0"]
[WhiteElo "1651"]
[BlackElo "1504"]
[PlyCount "59"]
[EventDate "2012.09.15"]
[EventType "team-tourn"]
[EventRounds "9"]
[EventCountry "GER"]
[SourceTitle "EXT 2015"]
[Source "ChessBase"]
[SourceDate "2014.11.20"]
[SourceVersion "1"]
[SourceVersionDate "2014.11.20"]
[SourceQuality "1"]
[WhiteTeam "Saerbeck"]
[BlackTeam "Borken"]
[WhiteTeamCountry "GER"]
[BlackTeamCountry "GER"]

1. d4 d5 2. c4 Nf6 3. Nc3 e6 4. Bg5 Be7 5. e3 0-0 6. Nf3 Nbd7 7. Bd3 Nb6 8. c5 Nbd7 9. h4 h6 10. Bf4 Nh7 11. Nb5 a6 12. Bxc7 Qe8 13. Nd6 Bxd6 14. Bxd6 f5 15. Bxf8 Ndxf8 16. Ne5 Nf6 17. b4 N8d7 18. Nxd7 Bxd7 19. a4 Kf8 20. 0-0 Ng4 21. Be2 Nf6 22. Qb3 Ne4 23. Rfc1 Bc6 24. b5 axb5 25. axb5 Rxa1 26. Rxa1 Bd7 27. Ra7 Qb8 28. Qa3 Kf7 29. c6 Bc8 30. b6 1-0